000 00905nam a2200265 i 4500
001 C2-0323445
003 PPAK
005 20180728122034.0
008 131027s2012 my |||| ||||| | may d
020 _a9789830685618
040 _aPPAK
_beng
_cPPAK
_erda
082 0 4 _a372.1102
_223
090 0 0 _a372.1102
_bTHW
_dG
100 1 _aThwaites, Alan,
_eauthor
245 1 0 _a100 panduan mengajar cara menyelesaikan masalah, menaakul dan mengenal angka :
_b100 Ideas for Teaching Problem Solving, Reasoning and Numeracy
264 1 _aKuala Lumpur :
_bInstitut Terjemahan & Buku Malaysia Berhad ,
_c2012
300 _axv, 165 pages ;
_c23 cm
336 _2rdacontent
_atext
337 _2rdamedia
_aunmediated
338 _2rdacarrier
_avolume
490 1 _aSiri pengukuhan perguruan ITBM
650 1 0 _aCreative activities and seat work
830 0 _aSiri pengukuhan perguruan ITBM
942 _ddc
_cB
999 _c123528
_d123528